Purposive communication: (Record no. 8770)

MARC details
000 -LEADER
fixed length control field 01084nam a22003257i 4500
003 - CONTROL NUMBER IDENTIFIER
control field URS
005 - DATE AND TIME OF LATEST TRANSACTION
control field 20240709001032.0
008 - FIXED-LENGTH DATA ELEMENTS--GENERAL INFORMATION
fixed length control field 200304t2018 ph ||||| |||| 00| 0 eng d
020 ## - INTERNATIONAL STANDARD BOOK NUMBER
International Standard Book Number 9789719811015
040 ## - CATALOGING SOURCE
Language of cataloging eng
Description conventions rda
Transcribing agency DLC
Original cataloging agency DLC
Modifying agency DLC
-- URS
050 ## - LIBRARY OF CONGRESS CALL NUMBER
Classification number P90
Item number B27 2018
082 ## - DEWEY DECIMAL CLASSIFICATION NUMBER
Classification number 420
Item number B27 2018
100 ## - MAIN ENTRY--PERSONAL NAME
Personal name Barrot, Jessie S.
245 ## - TITLE STATEMENT
Title Purposive communication:
Remainder of title in the 21st Century/
Statement of responsibility, etc. Jessie S. Barrot and Philippe John F. Sipacio.
264 #1 - PRODUCTION, PUBLICATION, DISTRIBUTION, MANUFACTURE, AND COPYRIGHT NOTICE
Place of production, publication, distribution, manufacture Quezon City:
Name of producer, publisher, distributor, manufacturer C&E Publishing Incorporated,
Date of production, publication, distribution, manufacture, or copyright notice [2018]
300 ## - PHYSICAL DESCRIPTION
Extent x, 477 pages:
Other physical details illustrations;
Dimensions 22 cm
336 ## - CONTENT TYPE
Content type term text
Content type code txt
Source rdacontent
337 ## - MEDIA TYPE
Media type term unmediated
Media type code n
Source rdamedia
338 ## - CARRIER TYPE
Carrier type term volume
Carrier type code nc
Source rdacarrier
504 ## - BIBLIOGRAPHY, ETC. NOTE
Bibliography, etc. note Includes bibliographical references (pages 471-473) and index.
650 #0 - SUBJECT ADDED ENTRY--TOPICAL TERM
Topical term or geographic name entry element Communication
650 #0 - SUBJECT ADDED ENTRY--TOPICAL TERM
Topical term or geographic name entry element Communication skills
650 #0 - SUBJECT ADDED ENTRY--TOPICAL TERM
Topical term or geographic name entry element Professional communication
650 #0 - SUBJECT ADDED ENTRY--TOPICAL TERM
Topical term or geographic name entry element Interpersonal communication
650 #0 - SUBJECT ADDED ENTRY--TOPICAL TERM
Topical term or geographic name entry element Business communication
650 #0 - SUBJECT ADDED ENTRY--TOPICAL TERM
Topical term or geographic name entry element Communication in education
650 #0 - SUBJECT ADDED ENTRY--TOPICAL TERM
Topical term or geographic name entry element 21st-century skills
700 ## - ADDED ENTRY--PERSONAL NAME
Personal name Sipacio, Philippe John F.
942 ## - ADDED ENTRY ELEMENTS (KOHA)
Source of classification or shelving scheme Dewey Decimal Classification
Koha item type Filipiniana
Holdings
Withdrawn status Source of classification or shelving scheme Damaged status Not for loan Collection code Home library Current library Shelving location Date acquired Total Checkouts Full call number Barcode Date last seen Price effective from Koha item type Copy number
  Dewey Decimal Classification     Non-fiction Pililla College Library Pililla College Library General Stacks 03/04/2020   420 B27 2018 URSPIL-6370 03/04/2020 03/04/2020 Filipiniana  
  Library of Congress Classification       Rodriguez College Library Rodriguez College Library General Stacks 02/11/2022   FIL P90 .B2789 2018 URSROD-4892 02/11/2022 02/11/2022 Filipiniana 1
  Library of Congress Classification       Rodriguez College Library Rodriguez College Library   04/25/2023   Fil P 90 .B2789 2018 URSROD- 4892 04/25/2023 04/25/2023 Filipiniana 1

University of Rizal System
Email us at univlibservices@urs.edu.ph

Visit our Website www.urs.edu.ph/library